Busiest Air Routes From London - Statistics

General Stats
  • This quiz has been taken 1,813 times
    1,687 since last reset
  • The average score is 37 of 50
Answer Stats
# Country Destination % Correct
4,207,478 United States New York City
99%
2,031,242 France Paris
96%
2,582,799 Spain Madrid
95%
4,068,327 Ireland Dublin
94%
2,210,471 Italy Rome
93%
3,611,494 Netherlands Amsterdam
92%
2,534,636 Spain Barcelona
92%
1,687,137 Germany Berlin
90%
1,382,797 United States Los Angeles
90%
3,218,591 United Arab Emirates Dubai
89%
2,209,005 Italy Milan
88%
1,974,318 Germany Frankfurt
87%
1,448,605 Norway Oslo
87%
1,527,020 Germany Munich
85%
1,582,892 Turkey Istanbul
84%
1,666,861 Sweden Stockholm
84%
3,159,140 United Kingdom Edinburgh
83%
1,436,314 Portugal Lisbon
83%
894,213 Russia Moscow
83%
985,168 Greece Athens
82%
1,712,376 Switzerland Zurich
82%
1,901,898 Denmark Copenhagen
81%
877,923 United Kingdom Manchester
81%
2,266,499 United Kingdom Glasgow
78%
1,080,642 Poland Warsaw
78%
1,160,217 United States Chicago
77%
1,221,625 Canada Toronto
77%
916,181 Austria Vienna
77%
1,008,257 United States Miami
75%
1,067,486 India Delhi
74%
1,563,714 China Hong Kong
71%
934,320 Czech Republic Prague
71%
1,125,125 Singapore Singapore
70%
1,151,951 Hungary Budapest
69%
2,394,016 Switzerland Geneva
69%
891,239 United States Boston
68%
1,048,492 India Mumbai
68%
937,643 United States San Francisco
65%
1,954,259 United Kingdom Belfast
63%
895,525 Qatar Doha
63%
1,360,946 France Nice
59%
884,649 United States Washington
57%
939,725 South Africa Johannesburg
55%
1,360,655 Spain Palma de Mallorca
51%
1,798,104 Spain Malaga
49%
924,543 Germany Dusseldorf
38%
1,074,414 Spain Tenerife
36%
1,293,654 Spain Alicante
34%
1,189,333 Portugal Faro
30%
1,085,771 United Kingdom Aberdeen
25%
No matching quizzes found
Score Distribution
Percent of People with Each Score
Percentile by Number Answered
Your Score History
You have not taken this quiz since the last reset